Riconosci il Pokémon - Quiz n°209 - Statistics

Statistiche generali
  • Questo quiz è stato fatto 1 volte
  • Il punteggio medio è 9 su 10
Statistiche sulle risposte
Indizio Risposta % Corretto
Altezza 0,3 m
100%
Peso 1,5 kg
100%
Tasso di cattura 45 (11.9%)
100%
Sesso 87.5% ♂, 12.5% ♀
100%
Abilità Erbaiuto; Distacco
100%
Tipo Erba / Volante
100%
Stadio evoluzione Forma Base
100%
Tasso di allevamento Medio-Lento
100%
Generazione Settima
100%
Pokémon Rowlet
0%
Nessun quiz corrispondente trovato
Distribuzione punteggi
Percentuale di utenti per punteggio
Percentile per numero di risposta
I tuoi punteggi nel tempo
Non hai fatto questo quiz